书目信息 |
| 题名: |
黑龙江省保险市场发展报告
|
|
| 作者: | 齐少军 主编 | |
| 分册: | ||
| 出版信息: | 哈尔滨 黑龙江科学技术出版社 2008.10 |
|
| 页数: | 372页 | |
| 开本: | 20cm | |
| 丛书名: | ||
| 单 册: | ||
| 中图分类: | F842.73 | |
| 科图分类: | ||
| 主题词: | 保险 | |
| 电子资源: | ||
| ISBN: | 978-7-5388-5958-4 | |
| 000 | 00656nam0 2200217 45 | |
| 001 | 0959157064 | |
| 005 | 20091018162941.20 | |
| 010 | @a978-7-5388-5958-4@dCNY80.00 | |
| 100 | @a20090515d2008 ekmy0 y0120 ea | |
| 102 | @aCN@b130000 | |
| 102 | @aCN@b230000 | |
| 105 | @ay z 000yy | |
| 200 | 1 | @a黑龙江省保险市场发展报告@Ahei long jiang sheng bao xian shi chang fa zhan bao gao@f齐少军 主编@Fqi shao jun zhu bian |
| 210 | @a哈尔滨@c黑龙江科学技术出版社@d2008.10 | |
| 215 | @a372页@d20cm | |
| 606 | 0 | @a保险 |
| 690 | @aF842.73@v4 | |
| 701 | 0 | @a齐少军@Aqi shao jun@4主编 |
| 801 | 0 | @aCN@c20091018 |
| 905 | @a10447@dF842.73@eQ060 | |
| 906 | @d80@n2@r1 | |
| 黑龙江省保险市场发展报告/齐少军 主编.-哈尔滨:黑龙江科学技术出版社,2008.10 |
| 372页;20cm |
| ISBN 978-7-5388-5958-4:CNY80.00 |
| ● |
| 相关链接 |
|
|
|
正题名:黑龙江省保险市场发展报告
索取号:F842.73/Q060
 
预约/预借
| 序号 | 登录号 | 条形码 | 馆藏地/架位号 | 状态 | 备注 |
| 1 | 895833 | 208958332 | 社科库409/409社科库 55排5列1层/ [索取号:F842.73/Q060] | 在馆 | |
| 2 | 895834 | 208958341 | 社科库409/409社科库 55排5列1层/ [索取号:F842.73/Q060] | 在馆 |